| 000 | 00600nam a22002057a 4500 | ||
|---|---|---|---|
| 999 |
_c1303 _d1303 |
||
| 001 | 11773 | ||
| 003 | BD-DhUAP | ||
| 005 | 20200205121513.0 | ||
| 008 | 200205s2008 bg ||||| |||| 00| 0 eng d | ||
| 040 |
_aBD-DhUAP _cBD-DhUAP _bEng |
||
| 082 |
_223 _a340 BHU |
||
| 100 |
_aBhuiyan, Kamruzzaman. _99116 |
||
| 245 |
_aKamruzzaman Bhuiyan's article 102 : _bwrit cases based on the decisions of appellate division / _cKamruzzaman Bhuiyan. |
||
| 250 | _a1st ed. | ||
| 260 |
_aDhaka : _bKamruzzaman Bhuiyan, _cc2008. |
||
| 300 |
_a201 pages ; _c25 cm. |
||
| 650 | _aLaw. | ||
| 942 |
_2ddc _cBK |
||